Statistics for 250 Largest Cities of the World

Click here to take the quiz!

General Stats

  • This quiz has been taken 1,050 times
    (267 since last reset)
  • The average score is 151 of 250

Answer Stats

Population Country City % Correct
22,400,000United StatesNew York City
96%
20,400,000ChinaBeijing
96%
40.200.000JapanTōkyō
96%
20.500,000EgyptCairo
95%
30,600,000IndonesiaJakarta
95%
22,800,000MexicoMexico City
95%
14,700,000U. KingdomLondon
95%
15,800,000Turkeyİstanbul
94%
11,400,000FranceParis
94%
17,200,000RussiaMoscow
94%
17,800,000United StatesLos Angeles
94%
16,300,000ArgentinaBuenos Aires
94%
25.200,000PhilippinesManila
94%
24,700,000South KoreaSeoul
94%
24,700,000IndiaMumbai
94%
9,900,000PeruLima
93%
13,100,000BrazilRio de Janeiro
93%
9,800,000ColombiaBogotá
92%
3,575,000ItalyRome
92%
29,400,000IndiaDelhi
92%
18,300,000ThailandBangkok
92%
4,750,000GermanyBerlin
91%
35.900.000ChinaShanghai
91%
5,200,000AustraliaSydney
91%
9,750,000United StatesChicago
91%
6,450,000SpainMadrid
91%
7,800,000SingaporeSingapore
91%
7,350,000CanadaToronto
90%
6,350,000United StatesMiami
90%
8,600,000VietnamHo Chi Minh City
89%
9,100,000TaiwanTaipei
89%
19.500,000BangladeshDhaka
89%
8,700,000MalaysiaKuala Lumpur
89%
7,650,000United StatesBoston
89%
15.000,000IranTehran
89%
17,700,000JapanŌsaka
89%
4,975,000TurkeyAnkara
89%
5,600,000RussiaSaint Petersburg
88%
18,800,000NigeriaLagos
88%
4,725,000SpainBarcelona
88%
4,175,000South AfricaCape Town
88%
22,200,000BrazilSão Paulo
88%
13,700,000South AfricaJohannesburg
88%
6,850,000IraqBaghdad
87%
2,450,000NetherlandsAmsterdam
87%
5,950,000KenyaNairobi
87%
2,275,000Germany Munich
87%
6,600,000United StatesHouston
87%
8,550,000United StatesWashington D.C.
87%
7,100,000United StatesDallas
86%
5,200,000ItalyMilan
86%
16,600,000IndiaKolkata
86%
4,850,000AustraliaMelbourne
86%
3,900,000VietnamHanoi
86%
45,600,000ChinaGuangzhou
86%
7,350,000United StatesPhiladelphia
86%
7,750,000Saudi ArabiaRiyadh
85%
7,850,000United StatesSan Francisco
85%
3,475,000UkraineKiev
85%
4,900,000U.A.E.Dubai
84%
4,375,000United StatesSeattle
84%
3,050,000U. KingdomManchester
84%
7,200,000ChileSantiago
84%
3,350,000GreeceAthens
84%
3,775,000VenezuelaCaracas
84%
2,550,000PortugalLisbon
84%
12,000,000D.R.C.Kinshasa
83%
2,600,000HungaryBudapest
82%
17.300,000PakistanKarāchi
82%
3,925,000BrazilBrasília
82%
2,200,000SwedenStockholm
81%
5,700,000United StatesDetroit
81%
3,125,000U. KingdomBirmingham
81%
2,725,000YemenSana'a
81%
3,900,000AlgeriaAlgiers
81%
3,275,000GermanyFrankfurt am Main
80%
2,750,000CanadaVancouver
80%
2,325,000PolandWarsaw
80%
4,150,000AfghanistanKabul
80%
4,250,000CanadaMontréal
80%
4,425,000MoroccoCasablanca
80%
3,750,000SyriaDamascus
80%
4,225,000ItalyNaples
79%
2,650,000IsraelTel Aviv
79%
2,875,000GermanyHamburg
79%
5,800,000United StatesAtlanta
79%
4,675,000KuwaitKuwait City
78%
2,925,000North KoreaP'yŏngyang
78%
2,250,000AustriaVienna
78%
5,000,000GermanyCologne-Düsseldorf
78%
2,200,000RomaniaBucharest
77%
2,675,000EcuadorQuito
77%
2,625,000TunisiaTunis
77%
6,150,000SudanKhartoum
77%
5,700,000EgyptAlexandria
77%
7,450,000ChinaHong Kong
76%
3,150,000GuatemalaGuatemala City
76%
7,900,000AngolaLuanda
76%
2,225,000CubaHavana
75%
4,575,000United StatesPhoenix
75%
3,225,000NetherlandsRotterdam
75%
5,250,000MexicoGuadalajara
75%
5,450,000JordanAmman
75%
3,325,000United StatesSan Diego
75%
12,600,000PakistanLāhore
75%
3,600,000SenegalDakar
73%
11,800,000IndiaBangalore
73%
2,350,000Costa RicaSan José
72%
11,000,000IndiaChennai
72%
4,950,000GhanaAccra
72%
4,725,000Sri LankaColombo
71%
6,150,000TanzaniaDar es Salaam
71%
3,700,000United StatesDenver
70%
3,125,000HaitiPort-au-Prince
70%
2,250,000United StatesLas Vegas
70%
3,025,000NepalKāṭhmāndu
70%
3,900,000Dominican R.Santo Domingo
68%
4,975,000BrazilBelo Horizonte
68%
6,800,000ChinaXi'an
68%
3,725,000EthiopiaAddis Ababa
68%
10,500,000JapanNagoya
66%
2,200,000PakistanHyderābād
66%
4,125,000South KoreaBusan
66%
3,375,000United StatesOrlando
65%
2,300,000ParaguayAsunción
65%
9,850,000IndiaHyderābād
65%
3,375,000NigeriaAbuja
65%
2,300,000QatarDoha
65%
3,075,000AustraliaBrisbane
63%
2,550,000AzerbaijanBaku
63%
13,200,000ChinaTianjin
63%
2,175,000United StatesSan Antonio
63%
2,400,000United StatesPortland
62%
3,400,000UgandaKampala
61%
2,175,000CambodiaPhnom Penh
61%
5,450,000Cote d'IvoireAbidjan
61%
3,950,000ColombiaMedellín
61%
3,150,000United StatesMinneapolis
61%
3,175,000UzbekistanTashkent
60%
9,800,000ChinaChengdu
60%
8,250,000IndiaAhmadābād
60%
4,925,000MexicoMonterrey
60%
8,050,000ChinaChongqing
59%
2,425,000GermanyStuttgart
59%
2,450,000MadagascarAntananarivo
59%
4,300,000United StatesTampa
58%
3,300,000CameroonYaoundé
57%
3,075,000United StatesCleveland
56%
2,350,000United StatesSt. Louis
56%
5,500,000MyanmarYangon
56%
3,375,000South AfricaDurban
56%
4,775,000Saudi ArabiaJeddah
55%
2,875,000MozambiqueMaputo
55%
3,375,000MaliBamako
54%
3,650,000BrazilFortaleza
54%
9,900,000ChinaXiamen
54%
2,175,000CongoBrazzaville
54%
2,575,000ZambiaLusaka
53%
8,850,000ChinaWuhan
53%
3,025,000Turkeyİzmir
52%
2,475,000JapanSapporo
52%
3,575,000BrazilSalvador
52%
6,700,000ChinaNanjing
52%
3,825,000BrazilRecife
52%
2,425,000United StatesCharlotte
51%
4,100,000BrazilPorto Alegre
51%
2,175,000BrazilManaus
51%
6,700,000IndiaPune
49%
3,050,000ColombiaCali
49%
8,300,000ChinaHangzhou
49%
6,000,000IndonesiaSurabaya
47%
2,525,000Burkina FasoOuagadougou
46%
4,825,000BangladeshChittagong
46%
5,150,000ChinaHarbin
46%
3,850,000IndiaJaipur
46%
2,450,000GuineaConakry
45%
3,125,000EcuadorGuayaquil
45%
2,775,000United StatesCincinnati
44%
4,550,000NigeriaKano
44%
5,700,000GermanyThe Ruhr
44%
2,225,000BrazilBelém
43%
5,950,000ChinaQingdao
43%
6,350,000IndiaSūrat
42%
7,900,000ChinaShenyang
41%
3,625,000IndiaLucknow
40%
2,425,000United StatesSalt Lake City
40%
2,225,000IndiaAgra
40%
3,975,000ChinaÜrümqi
39%
3,375,000BrazilCuritiba
39%
6,850,000IndonesiaBandung
37%
3,125,000MexicoPuebla
37%
4,550,000ChinaDalian
36%
2,650,000PhilippinesCebu
36%
3,150,000IranEṣfahān
36%
2,725,000JapanFukuoka
35%
4,750,000ChinaChangsha
34%
3,950,000IndonesiaMedan
33%
4,250,000ChinaFuzhou
32%
5,350,000ChinaZhengzhou
32%
3,250,000CameroonDouala
31%
2,750,000South KoreaDaegu
31%
2,350,000PolandKatowice
31%
5,250,000ChinaWenzhou
31%
2,600,000VenezuelaMaracaibo
30%
3,175,000BrazilCampinas
30%
4,825,000ChinaHefei
30%
7,700,000ChinaShantou
29%
4,050,000ChinaKunming
29%
3,350,000ChinaNanning
28%
3,200,000IndiaNāgpur
28%
3,350,000PakistanRāwalpindi
28%
3,150,000IranMashhad
27%
2,450,000Saudi ArabiaDammam
27%
3,425,000IndiaKānpur
27%
2,275,000NigeriaPort Harcourt
26%
3,475,000NigeriaIbadan
25%
3,575,000PakistanFaisalābād
25%
2,800,000ChinaLanzhou
25%
4,250,000ChinaJinan
24%
3,650,000ChinaChangchun
24%
2,275,000PakistanPeshāwar
23%
2,350,000IndiaBhopāl
21%
3,225,000ChinaNingbo
20%
2,800,000TaiwanKaohsiung
20%
3,075,000IndiaIndore
19%
4,125,000ChinaTaiyuan
18%
4,400,000ChinaShijiazhuang
18%
2,950,000GhanaKumasi
18%
2,650,000IndiaCoimbatore
18%
3,450,000ChinaZibo
18%
2,625,000IndiaPatna
17%
3,825,000ChinaNanchang
17%
2,275,000MexicoToluca
16%
2,750,000ChinaHuizhou
15%
2,825,000ChinaXuzhou
15%
2,250,000ChinaTaizhou
12%
2,425,000TaiwanTaichung
12%
2,800,000ChinaTangshan
11%
2,800,000IndiaBhilai
11%
2,675,000PakistanGujrānwāla
10%
2,600,000ChinaLuoyang
10%
3,200,000ChinaGuiyang
10%
2,200,000IndonesiaSemarang
9%
2,600,000ChinaAnshan
8%
2,200,000ChinaBaotou
8%
2,275,000IndiaChandigarh
8%
2,200,000JapanOkayama
8%
2,175,000IndiaVadodara
6%
2,375,000BrazilGoiâna
4%
2,500,000ChinaJiangyin
3%

Score Distribution

Percentile by Number Answered

Percent of People with Each Score

Your Score History

You have not taken this quiz since the last reset